Universidad de Quintana Roo : Plan estratégico de desarrollo institucional 1995-2000.

Uloženo v:
Podrobná bibliografie
Korporativní autor: Universidad de Quintana Roo
Médium: Kniha
Jazyk:španělština
Edice:(Serie documentos)
Témata:
Tagy: Přidat tag
Žádné tagy, Buďte první, kdo vytvoří štítek k tomuto záznamu!

MARC

LEADER 00000nam^a2200000^u^4500
001 000497297
005 20250521000000.0
008 070315s1000^^^^^^^^^^^^r^^^^^000^0^spa^d
009 20260310125631.016
022 |a 9686571264 
035 |a FCE 000040966 
037 |a Acervo ITESO - Biblioteca 
041 |a spa 
082 0 4 |a 378.7265  |b UNIp 
110 |a Universidad de Quintana Roo 
245 1 0 |a Universidad de Quintana Roo :  |b Plan estratégico de desarrollo institucional 1995-2000. 
264 |a Quintana Roo, México :  |b UQROO,  |c 1996. 
300 |a 94 p. + Anexo. 
336 |a texto  |b txt  |2 rdacontenido 
337 |a sin mediación  |b n  |2 rdamedio 
338 |a volumen  |b nc  |2 rdasoporte 
440 1 |a (Serie documentos) 
649 |a XX 
650 |a Universidad de Quintana Roo 
650 |a Estadísticas educativas 
650 |a Planeación 
650 |a Universidades e institutos de enseñanza superior 
650 |a Quintana Roo, México 
910 |a Fondo Centro de Estudios Educativos 
920 |a Impresos - Libros 
930 |a Fondos Especiales 
905 |a 133 
901 |a ALE047864  |b IT2  |c CEE  |u 20250521 
902 |a https://opac.biblio.iteso.mx/vufind/Record/000497297